000 01249nam a2200301Ia 4500
001 H8992
003 IT-RoPAU
008 130308s9999 xx 000 0 und d
040 _aIT-RoPAU
040 _cIT-RoPAU
041 _aITALIANO
100 _aPallucchini Rodolfo
100 _gCodice Aut. SPICS: 2937
245 _aGiovanni Cariani
245 _bGiovanni Cariani
250 _a1a ed.
260 _bSilvana Editoriale D'Arte
260 _c1983 [1° Ed.:1983 - Ed.Ling.Originale:1983]
300 _a"400 p. (prefazione: no ; testo: 400 [pagine: 0-0])"
500 _a"Introduzione al Problema Cariani. Cariani e suo Tempo; Venezia e Bergamo Agli inizi del Cinquecento; pittori Bergamaschi a Venezia. vicende biografiche del Cariani. inizi del Cariani a Venezia. Soggiorno bergamasco del Cariani (1517 1523). ritorno di Cariani a Venezia. Regesti a cura di E. De Pascale. Catalogo Generale Opere a cura di F. Rossi: Dipinti Autografi; Disegni;Dipinti Attribuiti; Dipinti Vari; Dipinti Dispersi o Non Riconosciuti. Bibliografia."
650 _aAUTORI/OPERE DI PITTURA
650 _eCodice materia Spics: 5207
700 _aRossi Francesco
700 _gCodice Aut. SPICS: 59581
942 _cBK
957 _71
999 _c91261
_d91261
999 _g1